QCM : Bilbo le Hobbit - Statistiques

Statistiques générales
  • Ce quiz a été pris 1 263 fois
  • Le résultat moyen est 8 sur 10
Statistiques - réponses
Question Réponse % Correct
Qui est le chef des nains ? Thorin
97%
Quelle est la principale particularité de l'anneau ? Elle rend invisible
95%
Qui ne meure pas durant la bataille des cinq armées ? Bilbo
93%
Qui n'est pas un Elfe ? Touque
86%
Qui donc vont découvrir les nains et Bilbo dans la Montagne ? Un dragon
86%
Ou Bilbo trouve-t-il l'anneau ? Chez Gollum
85%
Qu'est-ce que Beorn ? Un homme qui se transforme en ours
83%
Qui ne fait pas partie de la compagnie ? Gandalf
74%
Quel est le nom de la maison de Bilbo ? Cul-de-Sac
69%
Qui est le grand-père de Thorin ? Thror
60%
Aucun quiz correspondant
Distribution des résultats
% des personnes avec chaque résultat
Percentile par nombre de réponses
Votre historique - résultats
Vous n’avez pas pris ce quiz